Pere Murray and the hounds (Record no. 53325)

MARC details
000 -LEADER
fixed length control field 00543nam a2200145 a 4500
008 - FIXED-LENGTH DATA ELEMENTS--GENERAL INFORMATION
fixed length control field 120416s1977 ||||||||||||||||| || u
050 ## - LIBRARY OF CONGRESS CALL NUMBER
Classification number LE 3.N73M873 Gor
100 ## - MAIN ENTRY--PERSONAL NAME
Personal name Gorman, Jack
245 10 - TITLE STATEMENT
Title Pere Murray and the hounds
246 ## - VARYING FORM OF TITLE
Title proper/short title the story of Saskachewan's Notre Dame College
260 ## - PUBLICATION, DISTRIBUTION, ETC.
Place of publication, distribution, etc. Sidney
Name of publisher, distributor, etc. Gray's Publishing
Date of publication, distribution, etc. 1977
300 ## - PHYSICAL DESCRIPTION
Extent xi, 164p. : ill.
350 ## - PRICE (NR) (BK AM CF MU VM SE) [OBSOLETE]
Price 0.00
995 ## - RECOMMENDATION 995 [LOCAL, UNIMARC FRANCE]
-- 0.00
-- CBU-MAIN LIBRARY (Kitwe)
-- 1
-- 0.00
-- 1
-- AVAILABLE
-- Annex Low-Usage Collection
Holdings
Withdrawn status Lost status Source of classification or shelving scheme Damaged status Not for loan Home library Current library Shelving location Date acquired Total Checkouts Full call number Barcode Date last seen Price effective from Koha item type
          CBU-MAIN LIBRARY, KITWE. CBU-MAIN LIBRARY, KITWE.   11/30/2022   LE 3.N73M873 Gor 009271 11/30/2022 11/30/2022 MONOGRAPH